Ecoturismo: oferta y desarrollo sistémico regional (Registro nro. 3711)
[ vista simple ]
| 000 -CABECERA | |
|---|---|
| campo de control de longitud fija | 00731aam a2200241 4500 |
| 005 - FECHA Y HORA DE ACTUALIZACIÓN | |
| campo de control | 20160822122340.0 |
| 008 - LONGITUD FIJA | |
| campo de control de longitud fija | 150306b xxu||||| |||| 00| 0 spa d |
| 041 ## - IDIOMA | |
| Código de idioma del texto/pista de sonido o título separado | |
| 082 ## - CLASIFICACIÓN DECIMAL DEWEY | |
| Número de clasificación | 1.0.67 J61e |
| 100 ## - AUTOR PERSONAL | |
| Nombre de persona | Jiménez Bulla, Luis Hernando |
| 245 ## - TÍTULO PROPIAMENTE DICHO | |
| Título | Ecoturismo: oferta y desarrollo sistémico regional |
| 260 ## - PIE DE IMPRENTA | |
| Lugar de publicación, distribución, etc. | Colombia |
| Nombre del editor, distribuidor, etc. | Ecoe ediciones |
| Fecha de publicación, distribución, etc. | 2009 |
| 300 ## - DESCRIPCIÓN FÍSICA | |
| Extensión | 160 páginas |
| 650 ## - Materia General | |
| Materia general | ECOTURISMO |
| 650 ## - Materia General | |
| Materia general | TURISMO ECOLOGICO |
| 650 ## - Materia General | |
| Materia general | DESARROLLO SOSTENIBLE |
| 650 ## - Materia General | |
| Materia general | INDUSTRIA DEL TURISMO ECOLOGICO |
| 650 ## - Materia General | |
| Materia general | TURISMO RURAL |
| 650 ## - Materia General | |
| Materia general | PROMOCION TURISTICA |
| 650 ## - Materia General | |
| Materia general | TURISMO REGIONAL |
| 650 ## - Materia General | |
| Materia general | OFERTA ECOTURISTICA |
| 942 ## - Punto de Acceso Adicional Koha | |
| Tipo de ítem Koha | Libro |
| Estado perdido | Fuente de clasificación o esquema de estantería | Estado dañado | No para préstamo | Biblioteca permanente | Biblioteca actual | Signatura completa | Código de barras | Precio efectivo a partir del | Tipo de ítem |
|---|---|---|---|---|---|---|---|---|---|
| Dewey Decimal Classification | Departamento de Biblioteca y Documentación Alfonso Chase Brenes | Departamento de Biblioteca y Documentación Alfonso Chase Brenes | 1.0.67 J61e | 14554 | 20/01/2016 | Libro | |||
| Dewey Decimal Classification | Departamento de Biblioteca y Documentación Alfonso Chase Brenes | Departamento de Biblioteca y Documentación Alfonso Chase Brenes | 1.0.67 J61e | 14555 | 20/01/2016 | Libro | |||
| Dewey Decimal Classification | Departamento de Biblioteca y Documentación Alfonso Chase Brenes | Departamento de Biblioteca y Documentación Alfonso Chase Brenes | 1.0.67 J61e | 14655 | 20/01/2016 | Libro | |||
| Dewey Decimal Classification | Departamento de Biblioteca y Documentación Alfonso Chase Brenes | Departamento de Biblioteca y Documentación Alfonso Chase Brenes | 1.0.67 J61e | 14656 | 20/01/2016 | Libro |